00422cam a2200157ua 4500001000400000008003900004020001800043040000900061082000800070245004500078250002900123260003100152300001400183653002200197653004500219480110406n ii |||gr||||Z||||||eng a81-8205-223-8 cMAIN a3201 aAcademic dictionary of political science bedited by ramesh Chopra. aDelhi:bIsha books,c2005. a314p:5cm. aPolitical science aAcademic dictionary of political science